[Event "Hessen-ch Seniors op 04th"]
[Site "Bad Sooden-Allendorf"]
[Date "2008.04.30"]
[Round "7"]
[White "Schmidt, Erich"]
[Black "Bomert, Juergen"]
[Result "1/2-1/2"]
[WhiteElo "1806"]
[BlackElo "1942"]
[PlyCount "23"]
[EventDate "2008.04.24"]
[EventType "swiss"]
[EventRounds "9"]
[EventCountry "GER"]
[SourceTitle "EXT 2022"]
[Source "ChessBase"]
[SourceDate "2021.10.06"]
[SourceVersion "1"]
[SourceVersionDate "2021.10.06"]
[SourceQuality "1"]

1. e4 c6 2. d4 d5 3. exd5 cxd5 4. Nf3 Nf6 5. c3 Nc6 6. Bd3 Bg4 7. 0-0 e6 8. Bf4 Bd6 9. Bxd6 Qxd6 10. Nbd2 0-0 11. h3 Bxf3 12. Nxf3 1/2-1/2

[Event "Hessen-ch Seniors op 04th"]
[Site "Bad Sooden-Allendorf"]
[Date "2008.04.28"]
[Round "5"]
[White "Didzuhn, Werner"]
[Black "Bomert, Juergen"]
[Result "1/2-1/2"]
[WhiteElo "1743"]
[BlackElo "1942"]
[PlyCount "35"]
[EventDate "2008.04.24"]
[EventType "swiss"]
[EventRounds "9"]
[EventCountry "GER"]
[SourceTitle "EXT 2022"]
[Source "ChessBase"]
[SourceDate "2021.10.06"]
[SourceVersion "1"]
[SourceVersionDate "2021.10.06"]
[SourceQuality "1"]

1. f4 c5 2. Nf3 Nc6 3. e4 e6 4. d4 cxd4 5. Nxd4 d6 6. Nc3 Nf6 7. Be2 Be7 8. Be3 0-0 9. 0-0 a6 10. Bf3 Nd7 11. Qe1 Nxd4 12. Bxd4 b5 13. a3 Bb7 14. Rd1 Qc7 15. Kh1 Rac8 16. Qg3 Bf6 17. Bxf6 Nxf6 18. e5 1/2-1/2